Statistics for Landmark To Country - Multiple Choice

Click here to take the quiz!

General Stats

  • This quiz has been taken 34 times
  • The average score is 21 of 25

Answer Stats

QuestionAnswer% Correct
Taj MahalIndia
100%
Machu PicchuPeru
97%
Mount RushmoreUnited States
97%
The Great WallChina
93%
Eiffel TowerFrance
93%
Red SquareRussia
93%
Pyramids of GizaEgypt
90%
AcropolisGreece
90%
The ColosseumItaly
90%
La Sagrada FamiliaSpain
90%
Burj KhalifaUnited Arab Emirates
90%
Big BenUnited Kingdom
90%
Cristo RedentorBrazil
87%
Angkor WatCambodia
87%
Mount FujiJapan
87%
Hagia SophiaTurkey
87%
Neuschwanstein CastleGermany
80%
Good Hope CastleSouth Africa
77%
Los Glaciares National ParkArgentina
73%
Easter IslandChile
73%
Mount KilimanjaroTanzania
73%
Chichen ItzaMexico
70%
Petronas TowersMalaysia
63%
Bran CastleRomania
57%
AyutthayaThailand
43%

Score Distribution

Percentile by Number Answered

Percent of People with Each Score

Your Score History

You have not taken this quiz